Normal view
MARC view
- Dr Abdul Rasheed Saial
Entry Personal Name
001 - CONTROL NUMBER
- control field: 64773
003 - CONTROL NUMBER IDENTIFIER
- control field: NUST
005 - DATE AND TIME OF LATEST TRANSACTION
- control field: 20210628203330.0
008 - FIXED-LENGTH DATA ELEMENTS
- fixed length control field: 210628|| aca||aabn | a|a d
040 ## - CATALOGING SOURCE
- Original cataloging agency: NUST
- Transcribing agency: NUST
100 ## - HEADING--PERSONAL NAME
- Personal name: Dr Abdul Rasheed Saial
670 ## - SOURCE DATA FOUND
- Source citation: Work cat.: (NUST): Dr Abdul Rasheed Saial, Dil aur insani zindagi, 2000
